[Event "309th YMCA Autumn-D pff"]
[Site "Warsaw"]
[Date "2025.12.16"]
[Round "13"]
[White "Moszczynski-Petkowski, Rafal"]
[Black "Mackiewicz, Anna"]
[Result "1/2-1/2"]
[WhiteElo "1436"]
[BlackElo "1618"]
[PlyCount "140"]
[EventDate "2025.09.23"]
[EventRounds "2"]
[EventCountry "POL"]
[SourceDate "2025.12.04"]

1. d4 d5 2. c4 c6 3. Nf3 Nf6 4. e3 a6 5. Nc3 Bg4 6. cxd5 cxd5 7. Be2 e6 8. O-O
Nc6 9. b3 Bd6 10. Bb2 O-O 11. h3 Bh5 12. a4 Rc8 13. Ba3 Na5 14. Bxd6 Qxd6 15.
Na2 Rc7 16. Re1 Rfc8 17. Rc1 Ne4 18. Rxc7 Rxc7 19. Nd2 Nxd2 20. Qxd2 Nxb3 21.
Qb2 Bxe2 22. Rxe2 Na5 23. Rc2 Nc4 24. Qc1 Qc6 25. Nc3 Qd6 26. Nd1 Rc6 27. Nb2
Nxb2 28. Qxb2 Rxc2 29. Qxc2 Qc6 30. Qb3 g6 31. g3 h5 32. h4 Kg7 33. Kg2 f6 34.
f4 b5 35. axb5 Qxb5 36. Qa3 Qb7 37. Qd6 Kf7 38. Kf3 a5 39. g4 hxg4+ 40. Kxg4
f5+ 41. Kf3 Qb4 42. Qc7+ Kf6 43. Qd8+ Kf7 44. Qc7+ Qe7 45. Qxa5 Qxh4 46. Qc7+
Qe7 47. Qc8 g5 48. Qh8 gxf4 49. Qh7+ Ke8 50. Qh8+ Kd7 51. Kxf4 Qd6+ 52. Kf3 Qe7
53. Kf4 Qd8 54. Qg7+ Kc6 55. Qh6 Qc8 56. Qf6 Qg8 57. Qh4 Kb5 58. Ke5 Kc6 59.
Qe1 Kd7 60. Qh4 Qg7+ 61. Kf4 Qg1 62. Qh3 Qf2+ 63. Kg5 Kc6 64. Kf6 Kd7 65. Qh6
Kd6 66. Qf8+ Kc7 67. Qe7+ Kb8 68. Qxe6 Qh4+ 69. Kxf5 Qh3+ 70. Kf6 Qh6+ 1/2-1/2

[Event "309th YMCA Autumn-D pff"]
[Site "Warsaw"]
[Date "2025.12.16"]
[Round "13"]
[White "Przybylik, Mariusz"]
[Black "Sloniewski, Wojciech"]
[Result "1-0"]
[WhiteElo "1496"]
[BlackElo "1436"]
[PlyCount "63"]
[EventDate "2025.09.23"]
[EventRounds "2"]
[EventCountry "POL"]
[SourceDate "2025.12.04"]

1. d4 d5 2. Nf3 Nf6 3. Bf4 c5 4. e3 Nc6 5. c3 Qb6 6. Qb3 Qxb3 7. axb3 cxd4 8.
exd4 a6 9. Bd3 Bg4 10. Ne5 Nxe5 11. Bxe5 Nd7 12. Bg3 f6 13. f4 e6 14. Kf2 Bd6
15. Re1 Kf7 16. Nd2 b5 17. Ra2 Rhe8 18. Rea1 e5 19. fxe5 fxe5 20. dxe5 Bc5+ 21.
Kf1 b4 22. Rxa6 Rxa6 23. Rxa6 bxc3 24. bxc3 Nxe5 25. Bxh7 g6 26. Bxe5 Rxe5 27.
Bxg6+ Ke7 28. Nf3 Re3 29. b4 Bxf3 30. bxc5 Be2+ 31. Kf2 Bxa6 32. Kxe3 1-0